| 000 | 00000nam 2200000za 4500 |
| 001 | 9.801780 |
| 003 | CaOODSP |
| 005 | 20240723154314 |
| 007 | cr ||||||||||| |
| 008 | 150707s2015 onc|||||o f00| 0 eng d |
| 020 | |a978-0-660-02791-3 |
| 040 | |aCaOODSP|beng |
| 043 | |an-cn--- |
| 086 | 1 |aEn3-4/35-1-2015E-PDF |
| 245 | 00|aReport on the progress of recovery strategy implementation for Northern Abalone (Haliotis kamtschatkana) in Canada for the period 2007-2012 |h[electronic resource]. |
| 260 | |a[Ottawa] : |bFisheries and Oceans Canada, |cc2015. |
| 300 | |avi, 28 p. : |btable. |
| 490 | 1 |aSpecies at Risk Act recovery strategy report series |
| 500 | |aIssued also in French under title: Rapport sur les progrès de la mise en oeuvre du programme de rétablissement de l'ormeau nordique (Haliotis kamtschatkana) au Canada pour la période 2007 - 2012. |
| 504 | |aIncludes bibliographical references. |
| 692 | 07|2gccst|aEndangered species |
| 710 | 1 |aCanada. |bDepartment of Fisheries and Oceans. |
| 775 | 08|tRapport sur les progrès de la mise en Ĺ“uvre du programme de rétablissement de l'ormeau nordique (Haliotis kamtschatkana) au Canada pour la période 2007-2012 |w(CaOODSP)9.801781 |
| 794 | |tReport on the progress of recovery strategy and action plan implementation for the northern abalone (Haliotis kamtschatkana) in Canada for the period 2013 to 2021.|w(CaOODSP)9.940929 |
| 830 | #0|aSpecies at Risk Act recovery strategy series.|w(CaOODSP)9.505071 |
| 856 | 40|qPDF|s645 KB|uhttps://publications.gc.ca/collections/collection_2015/mpo-dfo/En3-4-35-1-2015-eng.pdf |